| 000 | 00487nam a22001817a 4500 | ||
|---|---|---|---|
| 003 | BD-ChCU | ||
| 005 | 20251130133930.0 | ||
| 008 | 251127b bg ||||| |||| 00| 0 ben d | ||
| 040 | _cBD-ChCU | ||
| 082 | _a330.18 SII | ||
| 100 |
_aSirkin , Gerald. _917008 |
||
| 245 |
_aintroduction to macroeconomic theory / _cSirkin Gerald |
||
| 250 | _arev ed. | ||
| 260 |
_aHomewood : _bIrwin , _cC 1966 |
||
| 300 | _ax, 278p | ||
| 650 | 0 |
_aEconomics , Theory of. _917010 |
|
| 942 |
_2ddc _cBK _n0 |
||
| 999 |
_c109887 _d109887 |
||